Overenie možností použitia nástrojov na podporu vzdelávania pri príprave, vytváraní a úpravách rozvrhov

Uložené v:
Podrobná bibliografia
Hlavný autor: Číž, Martin, 1991- (Autor)
Ďalší autori: Galbavý, Miroslav, 1954- (Vedúci práce)
Médium: Rukopis Kniha
Jazyk:Slovak
Vydavateľské údaje: Bratislava : STU v Bratislave FIIT, 2014
Predmet:
On-line prístup:VAIS
Tagy: Pridať tag
Žiadne tagy, Buďte prvý, kto otaguje tento záznam!

MARC

LEADER 00000ntm a22000003a 4500
001 stu293809
005 20150617230317.7
008 140712s2014----xo------------------slo-d
040 |a STU  |b slo 
041 0 |a slo 
044 |a xo 
100 1 |a Číž, Martin,  |d 1991-  |4 aut  |u I  |T FIIT Fakulta informatiky a informačných technológií  |X 46066  |U I  |Y 70  |7 A000046066 
242 0 0 |a Searching possible uses of elearning tools for the process of preparing, creating and editing timetables  |y eng 
245 1 |a Overenie možností použitia nástrojov na podporu vzdelávania pri príprave, vytváraní a úpravách rozvrhov 
260 |a Bratislava :  |b STU v Bratislave FIIT,  |c 2014 
300 |a 44 s.  |e CD-ROM 
650 7 |a informatika  |2 stusub 
650 7 |a Informatics  |2 estusub 
650 7 |a rozvrh  |2 stusub 
700 1 |a Galbavý, Miroslav,  |d 1954-  |4 ths  |u I300  |U FIIT Fakulta informatiky a informačných technológií  |T FIIT Ústav aplikovanej informatiky  |X 1936  |U I300  |Y 180  |7 A000001936 
856 4 |a info a plný text  |u http://is.stuba.sk/zp/portal_zp.pl?podrobnosti=87857  |3 VAIS 
996 |c I* BAP129/14  |l II680  |s P  |a 0  |w stu293809_0001